Khảo sát các điều kiện tối ưu để định lượng Fe, Ca, Se có trong sâm Ngọc Linh (panax vietnamensis) ở Việt Nam bằng phương pháp ICP-OES : Luận văn tốt nghiệp Cao học. Chuyên ngành Hóa lý thuyết và Hóa lý

Nghiên cứu tìm điều kiện tối ưu để định lượng Fe, Ca, Se có trong sâm Ngọc Linh ở Việt Nam bằng phương pháp ICP-OES là một trong những phương pháp phân tích hiện đại cho kết quả đáng tin cậy, góp phần bổ sung các thông tin về giá trị dinh du...

全面介绍

Đã lưu trong:
书目详细资料
主要作者: Lê, Thị Phụng
格式: 图书
语言:Undetermined
出版: Cần Thơ Trường Đại học Cần Thơ 2019
主题:
标签: 添加标签
没有标签, 成为第一个标记此记录!
Thư viện lưu trữ: Trung tâm Học liệu Trường Đại học Cần Thơ
LEADER 01372nam a2200229Ia 4500
001 CTU_232597
008 210402s9999 xx 000 0 und d
082 |a 543 
082 |b Ph513 
088 |a 8440119 
100 |a Lê, Thị Phụng 
245 0 |a Khảo sát các điều kiện tối ưu để định lượng Fe, Ca, Se có trong sâm Ngọc Linh (panax vietnamensis) ở Việt Nam bằng phương pháp ICP-OES : 
245 0 |b Luận văn tốt nghiệp Cao học. Chuyên ngành Hóa lý thuyết và Hóa lý 
245 0 |c Lê Thị Phụng ; Nguyễn Thị Thu Thủy (Cán bộ hướng dẫn) 
260 |a Cần Thơ 
260 |b Trường Đại học Cần Thơ 
260 |c 2019 
520 |a Nghiên cứu tìm điều kiện tối ưu để định lượng Fe, Ca, Se có trong sâm Ngọc Linh ở Việt Nam bằng phương pháp ICP-OES là một trong những phương pháp phân tích hiện đại cho kết quả đáng tin cậy, góp phần bổ sung các thông tin về giá trị dinh dưỡng của sâm Ngọc Linh. 
650 |a Chemistry, Analytic,Hóa học phân tích 
650 |x Quantitative,Định lượng 
910 |b nthai 
980 |a Trung tâm Học liệu Trường Đại học Cần Thơ